The languages of Jerusalem
Saved in:
| Main Author: | |
|---|---|
| Other Authors: | |
| Format: | Book |
| Language: | English |
| Published: |
Oxford :
Clarendon Press,
1991
|
| Series: | Oxford studies in language contact
|
| Subjects: | |
| Tags: |
Add Tag
No Tags, Be the first to tag this record!
|
MARC
| LEADER | 00000nam a2200000 i 4500 | ||
|---|---|---|---|
| 001 | 1/78645 | ||
| 008 | 980206s1991 eng d | ||
| 020 | |a 0-19-823908-4 | ||
| 035 | |a 1997 |b 2 |c Αγορά/Σκούρτου |l 10032978 | ||
| 040 | |a GR-MY-UA |b gre |e aacr | ||
| 041 | 0 | |a eng | |
| 082 | 0 | |a 306.4409569 | |
| 100 | 1 | |a Spolsky, Bernard. | |
| 245 | 1 | 4 | |a The languages of Jerusalem / |c Bernard Spolsky, Robert L. Cooper |
| 260 | |a Oxford : |b Clarendon Press, |c 1991 | ||
| 300 | |b 166 p. | ||
| 490 | 1 | |a Oxford studies in language contact | |
| 650 | 0 | 0 | |a Hebrew language |x Social aspects |z Jerusalem. |
| 650 | 0 | 0 | |a Jews |z Jerusalem |x Languages. |
| 650 | 0 | 0 | |a Sociolinguistics |z Jerusalem. |
| 650 | 0 | 0 | |a Palestinian Arabs |z Jerusalem |x Languages. |
| 651 | 0 | |a Jerusalem |x Languages. | |
| 700 | 1 | |a Cooper, Robert Leon |d 1931- | |
| 830 | 0 | |a Oxford studies in language contact | |
| 852 | |a INST |b RHODES |e 19980206 |h 306.4409569 SPO |p 005400011353 |q 005400011353 |t BK |y 0 | ||
| 901 | |a BIBL-1998-1 | ||
| 909 | |a Ρ |b 050824 |c 1997 | ||